000 00624nam a2200205Ia 4500
005 20250326145611.0
008 250326s9999 xx 000 0 und d
037 _aTextbook
040 _aFMSL
_beng
_cFMSL
041 _aeng
_2eng
084 _aX:51obD658(2:55) Q8
_qFMSL
100 _aHofacker C F
_9751463
245 0 _aDigital marketing: communicating, selling and connecting
_cHofacker C F
260 _aUnited Kingdom
_bUnited Kingdom, Edward Elgar
_c2018
300 _a203p
365 _aUKP
_b24.95
650 _aManagement
942 _cTB
_hX:51obD658(2:55) Q8
999 _c1308133
_d1308133